Music Quiz

Random Music or Song Quiz

1990s #1 Songs per Letter Quiz Stats

 Plays Quiz Updated Oct 13, 2017

Challenge
Share
Tweet
Embed
Score 0/24 Timer 06:00
0 Plays Today
Starting Letter (# of songs) #1 song(s) % Correct
B (14)The Boy Is Mine, Because You Loved Me, Believe...
67.2%
I (21)I'll Make Love To You, I Will Always Love You, I'll Be Missing You...
60.5%
W (6)Waterfalls, Wannabe, Weak...
56.7%
M (6)Macarena (Bayside Boys Mix), Mo Money Mo Problems, MMMBop...
52.6%
G (5)Gangsta's Paradise, Genie in a Bottle, Gettin' Jiggy Wit It...
40.3%
N (4)No Scrubs, No Diggity, Nice & Slow...
38.6%
C (10)Candle in the Wind 1997, Creep, Can't Nobody Hold Me Down...
37.3%
E (5)End of the Road, Exhale (Shoop Shoop), (Everything I Do) I Do It For You...
34.5%
H (11)Hero, Here Comes the Hotstepper, Have You Ever Really Loved A Woman?...
33.2%
V (2)Vision of Love, Vogue
32.8%
J (3)Jump, Justify My Love, Joyride
32.7%
S (8)Smooth, The Sign, Stay (I Missed You)...
30.7%
Starting Letter (# of songs) #1 song(s) % Correct
A (8)Always Be My Baby, Again, Angel of Mine...
29.1%
O (5)One Sweet Day, On Bended Knee, One More Try...
25.9%
U (3)Un-Break My Heart, Unpretty, Unbelievable
20.2%
T (8)Too Close, Truly Madly Deeply, That's the Way Love Goes...
19.2%
F (4)The First Night, Fantasy, Freak Me...
18.4%
D (3)Dreamlover, Doo Wop (That Thing), Don't Let the Sun Go Down on Me
17.9%
L (6)Livin' La Vida Loca, Lately, Love Takes Time...
17%
K (1)Kiss from a Rose
13.3%
P (3)The Power of Love, Praying for Time, Promise of a New Day
9.7%
Y (3)You're Makin' Me High, You Are Not Alone, You're in Love
9.1%
R (3)Rush Rush, Romantic, Release Me
8.6%
(any digit 0-9) (1)4 Seasons of Loneliness
3.6%

You're not logged in!

Compare scores with friends on all Sporcle quizzes.
Join for Free
OR
Log In

You Might Also Like...

Show Comments

Extras

Top Quizzes Today


Score Distribution

Your Account Isn't Verified!

In order to create a playlist on Sporcle, you need to verify the email address you used during registration. Go to your Sporcle Settings to finish the process.

Report this User

Report this user for behavior that violates our Community Guidelines.

Details: